000
00310nam a22001337a 4500
008
170711b xxu||||| |||| 00| 0 eng d
020
_a
9780810377141
041
_a
eng
080
_2
5th
_a
030
100
_a
23
101
_a
ENC
245
_a
Encyclopedia of American Religions
_c
Melton, J.G
942
_2
udc
_c
BK
999
_c
20238
_d
20238